Sports Quiz

Random Sports or Baseball Quiz

MLB Wins Leaders by Team 2010 Quiz Stats

 Plays Quiz not verified by Sporcle

Score 0/150 Timer 20:00
0 Plays Today
Team Pitcher % Correct
Philadelphia PhilliesRoy Halladay
99.7%
Philadelphia PhilliesRoy Oswalt
96.5%
Houston AstrosRoy Oswalt and Brandon Lyon
96.5%
Philadelphia PhilliesCole Hamels
96.2%
New York MetsJohan Santana and R.A. Dickey
95.2%
Arizona DiamondbacksRodrigo Lopez, Dan Haren, Daniel Hudson
92.9%
Florida MarlinsJosh Johnson
92.3%
New York YankeesCC Sabathia
91.7%
Los Angeles AngelsErvin Santana
91.7%
San Francisco GiantsTim Lincecum
91.3%
Atlanta BravesTim Hudson
90.7%
St. Louis CardinalsChris Carpenter
90.4%
St. Louis CardinalsAdam Wainwright
90.1%
San Francisco GiantsMatt Cain and Jonathan Sanchez
89.7%
Atlanta BravesDerek Lowe
88.5%
New York YankeesA.J. Burnett and Javier Vazquez
87.8%
Colorado RockiesUbaldo Jimenez
87.2%
Chicago CubsCarlos Zambrano
86.9%
Baltimore OriolesBrad Bergesen and David Hernandez
86.5%
Philadelphia PhilliesJoe Blanton and Jamie Moyer
85.9%
Washington NationalsLivan Hernandez
85.9%
Seattle MarinersFelix Hernandez
85.9%
Tampa Bay RaysDavid Price
85.6%
New York YankeesPhil Hughes
84.6%
Boston Red SoxJon Lester
83.7%
Seattle MarinersCliff Lee
83.3%
Cincinnati RedsBronson Arroyo
82.1%
Detroit TigersJustin Verlander
81.4%
Kansas City RoyalsZack Greinke
80.8%
New York MetsFrancisco Rodriguez and Elmer Dessens
78.8%
Houston AstrosWandy Rodriguez
78.8%
New York YankeesAndy Pettitte
78.5%
Boston Red SoxJosh Beckett
78.5%
Texas RangersC.J. Wilson
76.3%
San Diego PadresJon Garland, Clayton Richard, Mat Latos
76%
Minnesota TwinsFrancisco Liriano
75.6%
Chicago White SoxMark Buehrle
75.3%
Tampa Bay RaysMatt Garza
74.7%
Florida MarlinsAnibal Sanchez
73.7%
Cincinnati RedsAaron Harang and Francisco Cordero
73.4%
Boston Red SoxJohn Lackey
72.8%
Tampa Bay RaysJames Shields
72.4%
Milwaukee BrewersYovani Gallardo
71.2%
Atlanta BravesJair Jurrjens and Billy Wagner
70.8%
Cleveland IndiansDavid Huff, Tony Sipp, Chris Perez, Aaron Laffey, Carlos Carrasco, Joe Smith
70.5%
Cincinnati RedsJohnny Cueto
69.6%
St. Louis CardinalsJaime Garcia
69.6%
Chicago White SoxFreddy Garcia
69.6%
Boston Red SoxClay Buchholz
69.2%
Los Angeles DodgersClayton Kershaw
68.9%
Team Pitcher % Correct
Atlanta BravesTommy Hanson
68.6%
Cleveland IndiansJustin Masterson, Jake Westbrook, Josh Tomlin, Rafael Perez
68.6%
Los Angeles DodgersChad Billingsley
67%
San Francisco GiantsBarry Zito
66%
Chicago CubsRyan Dempster
65.4%
Minnesota TwinsCarl Pavano
65.4%
Los Angeles DodgersTed Lilly
64.4%
Tampa Bay RaysJeff Niemann and Wade Davis
64.4%
Boston Red SoxDaisuke Matsuzaka
64.4%
Pittsburgh PiratesZach Duke
61.5%
Houston AstrosJ.A. Happ and Wilton Lopez
59.9%
New York MetsMike Pelfrey
58%
Arizona DiamondbacksEdwin Jackson and Barry Enright
57.1%
Chicago White SoxJake Peavy and J.J. Putz
56.1%
St. Louis CardinalsKyle Lohse, Blake Hawksworth, Jake Westbrook, Jason Motte
55.4%
Cleveland IndiansFausto Carmona
54.5%
Los Angeles AngelsJered Weaver
54.2%
Oakland AthleticsDallas Braden
53.5%
Houston AstrosBrett Myers
52.6%
Chicago White SoxJohn Danks
52.2%
San Diego PadresTim Stauffer and Heath Bell
51.9%
Minnesota TwinsScott Baker
51.9%
Washington NationalsJohn Lannan
51.6%
Toronto Blue JaysShaun Marcum
51.6%
Cincinnati RedsTravis Wood and Logan Ondrusek
50.6%
Toronto Blue JaysRicky Romero
50.3%
Oakland AthleticsGio Gonzalez
50.3%
Washington NationalsStephen Strasburg
49.4%
Pittsburgh PiratesPaul Maholm
48.7%
Oakland AthleticsTrevor Cahill
47.4%
Detroit TigersJeremy Bonderman
46.2%
Oakland AthleticsBrett Anderson
46.2%
Milwaukee BrewersRandy Wolf
45.5%
San Francisco GiantsMadison Bumgarner and Santiago Casilla
45.2%
Florida MarlinsRicky Nolasco
44.9%
Minnesota TwinsNick Blackburn and Brian Duensing
44.9%
New York YankeesDustin Moseley and David Robertson
42.3%
Milwaukee BrewersDave Bush and John Axford
42%
Colorado RockiesJorge De La Rosa
41.7%
Los Angeles AngelsScott Kazmir
41.7%
Philadelphia PhilliesKyle Kendrick
40.1%
Chicago White SoxGavin Floyd
40.1%
Florida MarlinsNate Robertson
38.8%
Los Angeles DodgersVicente Padilla
38.8%
Arizona DiamondbacksJoe Saunders and Blaine Boyer
38.5%
Baltimore OriolesJeremy Guthrie
37.8%
Los Angeles AngelsJoe Saunders
37.8%
Chicago CubsRandy Wells
37.5%
Cleveland IndiansJeanmar Gomez and Jensen Lewis
37.5%
Texas RangersColby Lewis
36.2%
Team Pitcher % Correct
Texas RangersTommy Hunter
34.9%
Baltimore OriolesBrian Matusz
34.6%
Detroit TigersRick Porcello
34%
St. Louis CardinalsRyan Franklin
33.7%
Los Angeles DodgersHiroki Kuroda
33.7%
Minnesota TwinsKevin Slowey
33.3%
Cincinnati RedsMike Leake
32.4%
Kansas City RoyalsBrian Bannister
32.1%
Toronto Blue JaysBrandon Morrow
30.8%
New York MetsJonathon Niese
30.1%
Texas RangersScott Feldman
30.1%
Chicago CubsTom Gorzelanny and Sean Marshall
29.2%
Arizona DiamondbacksIan Kennedy
26%
Detroit TigersMax Scherzer
25.6%
Florida MarlinsChris Volstad
25.3%
Washington NationalsTyler Clippard
24.7%
Seattle MarinersDoug Fister
24%
Toronto Blue JaysBrett Cecil
23.7%
Milwaukee BrewersChris Capuano
22.8%
Chicago CubsCarlos Silva
21.5%
Colorado RockiesJhoulys Chacin
20.8%
Tampa Bay RaysLance Cormier, Randy Choate, Jeremy Hellickson
20.5%
Seattle MarinersJason Vargas and Brandon League
20.2%
Los Angeles AngelsJoel Pineiro
19.9%
Pittsburgh PiratesBrian Burres, Joel Hanrahan, James McDonald
18.9%
San Diego PadresKevin Correia
18.9%
Colorado RockiesJason Hammel
18.9%
Kansas City RoyalsBruce Chen
18.9%
Texas RangersDarren O'Day and Frank Francisco
18.3%
Kansas City RoyalsKyle Davies
17%
Kansas City RoyalsLuke Hochevar
16.3%
San Diego PadresLuke Gregerson and Mike Adams
15.7%
Houston AstrosBud Norris
15.1%
Pittsburgh PiratesEvan Meek
15.1%
Detroit TigersPhil Coke
14.4%
San Francisco GiantsSergio Romo
14.1%
Toronto Blue JaysCasey Janssen and Scott Downs
13.8%
San Diego PadresWade LeBlanc
13.5%
Atlanta BravesKris Medlan and Peter Moylan
13.1%
New York MetsHisanori Takahashi
12.2%
Pittsburgh PiratesJeff Karstens and Brendan Donnelly
12.2%
Milwaukee BrewersChris Narveson
9.9%
Arizona DiamondbacksAaron Heilman
9.3%
Baltimore OriolesJake Arrieta
9.3%
Cleveland IndiansMitch Talbot
8.7%
Oakland AthleticsVin Mazzaro
8.3%
Seattle MarinersLuke French
5.8%
Washington NationalsLuis Atilano
3.5%
Colorado RockiesMatt Belisle
3.2%
Baltimore OriolesMatt Albers
3.2%

You're not logged in!

Compare scores with friends on all Sporcle quizzes.
OR
Log In

Show Comments

Extras

Top Quizzes Today


Score Distribution

Your Account Isn't Verified!

In order to create a playlist on Sporcle, you need to verify the email address you used during registration. Go to your Sporcle Settings to finish the process.

Report this User

Report this user for behavior that violates our Community Guidelines.

Details: